<?xml version="1.0" encoding="UTF-8"?><?xml-stylesheet type="text/xsl" href="static/style.xsl"?><OAI-PMH xmlns="http://www.openarchives.org/OAI/2.0/" xmlns:xsi="http://www.w3.org/2001/XMLSchema-instance" xsi:schemaLocation="http://www.openarchives.org/OAI/2.0/ http://www.openarchives.org/OAI/2.0/OAI-PMH.xsd"><responseDate>2026-04-13T22:46:27Z</responseDate><request verb="GetRecord" identifier="oai:www.recercat.cat:20.500.12328/1714" metadataPrefix="marc">https://recercat.cat/oai/request</request><GetRecord><record><header><identifier>oai:recercat.cat:20.500.12328/1714</identifier><datestamp>2025-05-16T12:49:30Z</datestamp><setSpec>com_2072_67741</setSpec><setSpec>col_2072_484355</setSpec></header><metadata><record xmlns="http://www.loc.gov/MARC21/slim" xmlns:dcterms="http://purl.org/dc/terms/" xmlns:xsi="http://www.w3.org/2001/XMLSchema-instance" xmlns:doc="http://www.lyncode.com/xoai" xsi:schemaLocation="http://www.loc.gov/MARC21/slim http://www.loc.gov/standards/marcxml/schema/MARC21slim.xsd">
   <leader>00925njm 22002777a 4500</leader>
   <datafield ind2=" " ind1=" " tag="042">
      <subfield code="a">dc</subfield>
   </datafield>
   <datafield ind2=" " ind1=" " tag="720">
      <subfield code="a">Clarós Morales, David</subfield>
      <subfield code="e">author</subfield>
   </datafield>
   <datafield ind2=" " ind1=" " tag="260">
      <subfield code="c">2020</subfield>
   </datafield>
   <datafield ind2=" " ind1=" " tag="520">
      <subfield code="a">El presente trabajo trata de analizar la influencia de Michel-Eugene Chevreul y su estudio sobre la teoría del color en las obras de Paul Signac. Para poder conseguir este objetivo, se ha analizado la vida y obra de Signac, el manual que dejó por escrito, y su etapa en la Costa Azul francesa. En cuanto a Chevreul estudiaremos los aspectos básicos de su teoría sobre el color para después poder analizar las obras de Signac en las que su método fue aplicado. Así, a través del estudio de diversas fuentes primarias y secundarias hemos podido comprobar la influencia que éste recibió por parte de la teoría escrita por Chevreul.</subfield>
   </datafield>
   <datafield ind2=" " ind1=" " tag="520">
      <subfield code="a">El present treball tracta d’analitzar la influència de Michel-Eugene Chevreul i el seu estudi sobre la teoria del color en les obres de Paul Signac. Per poder arribar a aquest objectiu, s’ha analitzat l’obra de Signac, el manual que va deixar per escrit i la seva etapa a la Costa Blava francesa. En quant a Chevreul estudiarem els aspectes bàsics de la seva teoria sobre el color per després poder analitzar les obres de Signac en les que el seu mètode va ser aplicat. Així, a través de l’estudi de diverses fonts primàries i secundàries hem pogut comprovar la influència que aquest va rebre per part de la teoria escrita per&#xd;
Chevreul.</subfield>
   </datafield>
   <datafield ind2=" " ind1=" " tag="520">
      <subfield code="a">This paper analyzes the influence of Michel-Eugene Chevreul and his study of color theory on the works of Paul Signac. To achieve this goal, the life and work of Signac, the manual he wrote and his time on the French Riviera have been analyzed. We will study Chevreul’s basics of his theory of color and then analyze the works of Signac. Through the study of various primary and secondary sources we have been able to analyze the works of the French painter and what was his influence on the theory written by Chevreul.</subfield>
   </datafield>
   <datafield ind1="8" ind2=" " tag="024">
      <subfield code="a">http://hdl.handle.net/20.500.12328/1714</subfield>
   </datafield>
   <datafield tag="653" ind2=" " ind1=" ">
      <subfield code="a">Humanitats</subfield>
   </datafield>
   <datafield tag="653" ind2=" " ind1=" ">
      <subfield code="a">Color</subfield>
   </datafield>
   <datafield tag="653" ind2=" " ind1=" ">
      <subfield code="a">Art</subfield>
   </datafield>
   <datafield tag="653" ind2=" " ind1=" ">
      <subfield code="a">Humanidades</subfield>
   </datafield>
   <datafield tag="653" ind2=" " ind1=" ">
      <subfield code="a">Color</subfield>
   </datafield>
   <datafield tag="653" ind2=" " ind1=" ">
      <subfield code="a">Arte</subfield>
   </datafield>
   <datafield tag="653" ind2=" " ind1=" ">
      <subfield code="a">Humanities</subfield>
   </datafield>
   <datafield tag="653" ind2=" " ind1=" ">
      <subfield code="a">Colour</subfield>
   </datafield>
   <datafield tag="653" ind2=" " ind1=" ">
      <subfield code="a">Art</subfield>
   </datafield>
   <datafield ind2="0" ind1="0" tag="245">
      <subfield code="a">La influencia de la teoría del color de Chevreul en el arte de Paul Signac</subfield>
   </datafield>
</record></metadata></record></GetRecord></OAI-PMH>